01493nam a2200337Ia 4500001001200000003000800012006001900020007001500039008004100054010001700095020001500112040002100127035002000148050002600168082001700194111014800211245015500359260005900514300001500573490004900588504005100637533015200688650003600840650003000876655002900906700002200935710001700957830003800974856012601012999001701138ebr10064644CaPaEBRm u cr cn|||||||||040525s2004 pau sb 101 0 eng d z 2004053124 z1588115496 aCaPaEBRcCaPaEBR a(OCoLC)7077307414aP40.5.L28bI58 2002eb04a306.44/62222 aInternational Conference on Language Attrition: Interdisciplinary Perspectives on Methodological Issuesd(2002 :cVrije Universiteit Amsterdam)10aFirst language attritionh[electronic resource] :binterdisciplinary perspectives on methodological issues /cedited by Monika S. Schmid ... [et al.]. aPhiladelphia, Pa. :bJohn Benjamins Publishing,c2004. aix, 377 p.1 aStudies in bilingualism,x0928-1533 ;vv. 28 aIncludes bibliographical references and index. aElectronic reproduction.bPalo Alto, Calif. :cebrary,d2011.nAvailable via World Wide Web.nAccess may be limited to ebrary affiliated libraries. 0aLanguage attritionvCongresses. 0aBilingualismvCongresses. 7aElectronic books.2local1 aSchmid, Monika S.2 aebrary, Inc. 0aStudies in bilingualism ;vv. 28.40uhttp://site.ebrary.com/lib/rucke/Doc?id=10064644zAn electronic book accessible through the World Wide Web; click to view c47677d47677